<?xml version="1.0" encoding="UTF-8"?>
<record
    xmlns:xsi="http://www.w3.org/2001/XMLSchema-instance"
    xsi:schemaLocation="http://www.loc.gov/MARC21/slim http://www.loc.gov/standards/marcxml/schema/MARC21slim.xsd"
    xmlns="http://www.loc.gov/MARC21/slim">

  <leader>01279nam a2200277 a 4500</leader>
  <controlfield tag="001">78135</controlfield>
  <controlfield tag="003">BD-RjUL</controlfield>
  <controlfield tag="005">20211209083107.0</controlfield>
  <controlfield tag="008">210325s19371356ua            000 0 ara d</controlfield>
  <datafield tag="035" ind1=" " ind2=" ">
    <subfield code="a">(BD-RjUL)78361</subfield>
  </datafield>
  <datafield tag="040" ind1=" " ind2=" ">
    <subfield code="a">UkOxU</subfield>
    <subfield code="c">UkOxU</subfield>
    <subfield code="b">eng</subfield>
  </datafield>
  <datafield tag="041" ind1=" " ind2=" ">
    <subfield code="a">ara</subfield>
  </datafield>
  <datafield tag="066" ind1=" " ind2=" ">
    <subfield code="c">(3</subfield>
  </datafield>
  <datafield tag="082" ind1=" " ind2=" ">
    <subfield code="2">23</subfield>
    <subfield code="a">297.125</subfield>
    <subfield code="b">TIJ 1937[1356]</subfield>
  </datafield>
  <datafield tag="100" ind1="1" ind2=" ">
    <subfield code="a">&#x62A;&#x631;&#x645;&#x630;&#x64A;&#x60C; &#x645;&#x62D;&#x645;&#x62F; &#x627;&#x628;&#x646; &#x639;&#x64A;&#x633;&#x649;.;; Tirmidh&#x12B;, Mu&#x1E25;ammad ibn &#x2BF;&#x12A;s&#xE1;,&#x644;&#x623;&#x628;&#x64A; &#x639;&#x64A;&#x633;&#x649; &#x645;&#x62D;&#x645;&#x62F; &#x628;&#x646; &#x639;&#x64A;&#x633;&#x649; &#x628;&#x646; &#x633;&#x648;&#x631;&#x629; &#x61B; &#x62A;&#x62D;&#x642;&#x64A;&#x642; &#x645;&#x62D;&#x645;&#x62F; &#x641;&#x624;&#x627;&#x62F; &#x639;&#x628;&#x62F; &#x627;&#x644;&#x628;&#x627;&#x642;&#x64A;... [&#x648; &#x622;&#x62E;.].</subfield>
    <subfield code="d">-892.</subfield>
    <subfield code="9">246567</subfield>
  </datafield>
  <datafield tag="245" ind1="1" ind2="0">
    <subfield code="a">&#x627;&#x644;&#x62C;&#x627;&#x645;&#x639; &#x627;&#x644;&#x635;&#x62D;&#x64A;&#x62D; &#x648;&#x647;&#x648; &#x633;&#x646;&#x646; &#x627;&#x644;&#x62A;&#x631;&#x645;&#x630;&#x64A; ;; al-J&#x101;mi&#x2BF; al-&#x1E62;a&#x1E25;&#x12B;&#x1E25; wa-huwa  Sunan al-Tirmidh&#x12B; /</subfield>
    <subfield code="c"> &#x623;&#x628;&#x64A; &#x639;&#x64A;&#x633;&#x649; &#x645;&#x62D;&#x645;&#x62F; &#x628;&#x646; &#x639;&#x64A;&#x633;&#x649; &#x628;&#x646; &#x633;&#x648;&#x631;&#x629; &#x627;&#x644;&#x62A;&#x631;&#x645;&#x630;&#x64A; ;; -Ab&#x12B; &#x2BF;&#x12A;s&#xE1; Mu&#x1E25;ammad ibn &#x2BF;&#x12A;s&#xE1; ibn S&#x16B;rah al-Tirmidh&#x12B;</subfield>
  </datafield>
  <datafield tag="250" ind1=" " ind2=" ">
    <subfield code="a">al-&#x1E6C;ab&#x2BF;ah 1.</subfield>
  </datafield>
  <datafield tag="260" ind1=" " ind2=" ">
    <subfield code="a">&#x627;&#x644;&#x642;&#x627;&#x647;&#x631;&#x629; : ,</subfield>
    <subfield code="b">&#x645;&#x635;&#x637;&#x641;&#x649; &#x627;&#x644;&#x628;&#x627;&#x628;&#x64A; &#x627;&#x644;&#x62D;&#x644;&#x628;&#x64A;&#x60C;</subfield>
    <subfield code="c"> 1937-1965 1357-1385</subfield>
  </datafield>
  <datafield tag="300" ind1=" " ind2=" ">
    <subfield code="a">v. ;</subfield>
    <subfield code="c">25 cm.</subfield>
  </datafield>
  <datafield tag="505" ind1=" " ind2=" ">
    <subfield code="a">Vol. 2.--v.3</subfield>
  </datafield>
  <datafield tag="650" ind1=" " ind2="0">
    <subfield code="a">Hadith</subfield>
    <subfield code="v">Texts</subfield>
    <subfield code="v">Early works to 1800.</subfield>
    <subfield code="9">246568</subfield>
  </datafield>
  <datafield tag="700" ind1="1" ind2=" ">
    <subfield code="a"> Baqi, mohammad fawaed   [ ba  tahqiq]</subfield>
    <subfield code="9">246583</subfield>
  </datafield>
  <datafield tag="700" ind1="1" ind2=" ">
    <subfield code="a">shakir, ahmad mohammad[ ba  tahqiq]</subfield>
    <subfield code="9">246584</subfield>
  </datafield>
  <datafield tag="942" ind1=" " ind2=" ">
    <subfield code="2">ddc</subfield>
    <subfield code="c">BK</subfield>
  </datafield>
  <datafield tag="999" ind1=" " ind2=" ">
    <subfield code="c">78135</subfield>
    <subfield code="d">78135</subfield>
  </datafield>
  <datafield tag="952" ind1=" " ind2=" ">
    <subfield code="0">0</subfield>
    <subfield code="1">0</subfield>
    <subfield code="2">ddc</subfield>
    <subfield code="4">0</subfield>
    <subfield code="7">1</subfield>
    <subfield code="8">NFIC</subfield>
    <subfield code="a">RUCL</subfield>
    <subfield code="b">RUCL</subfield>
    <subfield code="c">Reading</subfield>
    <subfield code="d">2021-03-25</subfield>
    <subfield code="l">0</subfield>
    <subfield code="o">A 297.125 TIJ V-2 1937[1356]</subfield>
    <subfield code="r">2021-03-25 00:00:00</subfield>
    <subfield code="t">C-1</subfield>
    <subfield code="w">2021-03-25</subfield>
    <subfield code="y">BK</subfield>
  </datafield>
  <datafield tag="952" ind1=" " ind2=" ">
    <subfield code="0">0</subfield>
    <subfield code="1">0</subfield>
    <subfield code="2">ddc</subfield>
    <subfield code="4">0</subfield>
    <subfield code="7">1</subfield>
    <subfield code="8">NFIC</subfield>
    <subfield code="a">RUCL</subfield>
    <subfield code="b">RUCL</subfield>
    <subfield code="c">Reading</subfield>
    <subfield code="d">2021-03-25</subfield>
    <subfield code="l">0</subfield>
    <subfield code="o">A 297.125 TIJ V-3 1937[1356]</subfield>
    <subfield code="r">2021-03-25 00:00:00</subfield>
    <subfield code="t">C-1</subfield>
    <subfield code="w">2021-12-09</subfield>
    <subfield code="y">BK</subfield>
  </datafield>
  <datafield tag="952" ind1=" " ind2=" ">
    <subfield code="0">0</subfield>
    <subfield code="1">0</subfield>
    <subfield code="2">ddc</subfield>
    <subfield code="4">0</subfield>
    <subfield code="7">1</subfield>
    <subfield code="8">NFIC</subfield>
    <subfield code="a">RUCL</subfield>
    <subfield code="b">RUCL</subfield>
    <subfield code="c">Reading</subfield>
    <subfield code="d">2022-01-11</subfield>
    <subfield code="l">0</subfield>
    <subfield code="o">A 297.125 TIJ V-1 1937[1356]</subfield>
    <subfield code="r">2022-01-11 00:00:00</subfield>
    <subfield code="t">C-1</subfield>
    <subfield code="w">2022-01-11</subfield>
    <subfield code="y">BK</subfield>
  </datafield>
</record>
